INTRODUCCION A LOS SUELOS Y AL CRECIMIENTO DE LAS PLANTAS (Registro nro. 18943)
[ vista simple ]
| 000 -LEADER | |
|---|---|
| fixed length control field | 00548nam a2200205 a 4500 |
| 001 - CONTROL NUMBER | |
| control field | 18943 |
| 005 - DATE AND TIME OF LATEST TRANSACTION | |
| control field | 20180713212319.0 |
| 008 - FIXED-LENGTH DATA ELEMENTS--GENERAL INFORMATION | |
| fixed length control field | 140415s1981 ck 000 0 spa d |
| 020 ## - INTERNATIONAL STANDARD BOOK NUMBER | |
| International Standard Book Number | 0134777379 |
| 041 ## - LANGUAGE CODE | |
| Language code of text/sound track or separate title | spa |
| 082 ## - DEWEY DECIMAL CLASSIFICATION NUMBER | |
| Classification number | 631.4 |
| Item number | DON |
| 100 1# - MAIN ENTRY--PERSONAL NAME | |
| Personal name | DONAHUE, ROY L. |
| 245 10 - TITLE STATEMENT | |
| Title | INTRODUCCION A LOS SUELOS Y AL CRECIMIENTO DE LAS PLANTAS |
| 250 ## - EDITION STATEMENT | |
| Edition statement | 1a ed. |
| 260 ## - PUBLICATION, DISTRIBUTION, ETC. | |
| Place of publication, distribution, etc. | COLOMBIA : |
| Name of publisher, distributor, etc. | DOSSAT, |
| Date of publication, distribution, etc. | 1981 |
| 300 ## - PHYSICAL DESCRIPTION | |
| Extent | 624 |
| 650 14 - SUBJECT ADDED ENTRY--TOPICAL TERM | |
| Topical term or geographic name entry element | EDAFOLOGIA |
| 700 1# - ADDED ENTRY--PERSONAL NAME | |
| Personal name | PEÑA C., JORGE |
| Relator term | tr. |
| 700 1# - ADDED ENTRY--PERSONAL NAME | |
| Personal name | MILLER, RAYMOND W. |
| Relator term | coaut. |
| Withdrawn status | Lost status | Source of classification or shelving scheme | Damaged status | Not for loan | Collection code | Home library | Current library | Shelving location | Date acquired | Source of acquisition | Inventory number | Total Checkouts | Total Renewals | Full call number | Barcode | Date last seen | Date last checked out | Price effective from | Koha item type |
|---|---|---|---|---|---|---|---|---|---|---|---|---|---|---|---|---|---|---|---|
| Dewey Decimal Classification | General | Biblioteca Karol Wojtyla | Biblioteca Karol Wojtyla | Sala general | 03/12/2013 | Compra | 151000000000000000012826 | 3 | 1 | 631.4 DON | 43575 | 05/01/2026 | 17/08/2023 | 03/12/2013 | Libro | ||||
| Dewey Decimal Classification | General | Biblioteca Karol Wojtyla | Biblioteca Karol Wojtyla | Sala general | 03/12/2013 | Compra | 151000000000000000012825 | 631.4 DON | 38378 | 05/01/2026 | 03/12/2013 | Libro |